Countries that Border Mali - Statistics

General Stats
  • This quiz has been taken 20 times
  • The average score is 7 of 7
Answer Stats
Country % Correct
Mauritania
100%
Niger
100%
Algeria
94%
Burkina Faso
89%
Guinea
89%
Ivory Coast
89%
Senegal
89%
No matching quizzes found
Score Distribution
Percent of People with Each Score
Percentile by Number Answered
Your Score History
You have not taken this quiz